00251nam a2200097Ia 4500008004100000100001900041245003700060260003000097300000800127650001800135191201s2011 xx 000 0 und d aAGRAWAL, Kirti 0aPrinciples of Marketing B.COM II aN. DelhibVikas Pubc2011 a288 aGeneral Books